Loading...
| Fine Arts - Visual Fine Arts | 0 | 3 | 0 | 1 | 30 | 111 | 127.67 | 0 | 0 |
| Literature - British Literature | 0 | 3 | 0 | 0 | 30 | 128 | 132.67 | 0 | 2 |
| Social Science | 0 | 3 | 0 | 1 | 30 | 80 | 93.00 | 1 | 3 |
| History - European History | 0 | 3 | 0 | 0 | 30 | 63 | 100.33 | 0 | 3 |
| Literature - European Literature | 0 | 3 | 1 | 0 | 25 | 72 | 101.33 | 1 | 3 |
| History - American History | 0 | 3 | 1 | 0 | 25 | 91 | 99.67 | 0 | 0 |
| Fine Arts - Classical Music | 0 | 2 | 0 | 1 | 20 | 122 | 128.00 | 0 | 2 |
| Geography/Current Events | 0 | 2 | 0 | 0 | 20 | 53 | 73.00 | 1 | 2 |
| History - Other History | 0 | 2 | 0 | 1 | 20 | 120 | 122.50 | 0 | 0 |
| Literature - World/Other Literature | 0 | 2 | 0 | 0 | 20 | 82 | 106.50 | 1 | 1 |
| Religion | 0 | 2 | 0 | 1 | 20 | 103 | 119.50 | 0 | 1 |
| Philosophy | 0 | 2 | 1 | 0 | 15 | 121 | 124.50 | 0 | 1 |
| Other Academic | 0 | 1 | 0 | 0 | 10 | 129 | 129.00 | 0 | 1 |
| History - World History | 0 | 1 | 0 | 0 | 10 | 107 | 107.00 | 0 | 0 |
| Fine Arts - Other Fine Arts | 0 | 1 | 1 | 0 | 5 | 129 | 129.00 | 0 | 0 |
| Literature - American Literature | 0 | 1 | 1 | 1 | 5 | 144 | 144.00 | 0 | 1 |
| Pop Culture | 0 | 0 | 1 | 0 | -5 | 0.00 | 0 | 0 |